| 000 | 00722cam a22002413a 4500 | ||
|---|---|---|---|
| 001 | 12196 | ||
| 003 | PGUSA | ||
| 005 | 20140828083246.0 | ||
| 008 | 040401s2004||||xxu|||||s|||||000 | eng d | ||
| 040 |
_aPGUSA _beng |
||
| 042 | _adc | ||
| 050 | 4 | _aPS | |
| 100 | 1 |
_aPhillips, Henry Wallace, _d1869-1930 |
|
| 245 | 1 | 0 |
_aRed Saunders : _bHis Adventures West and East _h[electronic resource] / _cHenry Wallace Phillips |
| 260 |
_bProject Gutenberg, _c2004 |
||
| 506 | _aPublic domain in the USA. | ||
| 516 | _aElectronic text | ||
| 653 | _aHumorous stories | ||
| 740 | 0 | _aRed Saunders His Adventures West and East | |
| 830 | 0 |
_aProject Gutenberg _v12196 |
|
| 856 | 4 | 0 | _uhttp://www.gutenberg.org/ebooks/12196 |
| 942 | _cEB | ||
| 999 |
_c241451 _d241451 |
||